Práca nadčas a jej odmeňovanie
Vymedzenie práce nadčas. Maximálny rozsah práce nadčas. Obmedzenia zamestnávateľa pri práci nadčas. Ktorá práca nie je prácou nadčas. Problémy pri posudzovaní času práce nadčas. Nerovnomerné rozvrhnutie pracovného času. Odmeňovanie práce nadčas. Náhradné voľno za prácu nadčas. Súbeh práce nadčas a p...
Gespeichert in:
| 1. Verfasser: | |
|---|---|
| Format: | Buchkapitel |
| Sprache: | Slowakisch |
| Schlagworte: | |
| Tags: |
Keine Tags, Fügen Sie das erste Tag hinzu!
|
MARC
| LEADER | 00000naa a2200000 4500 | ||
|---|---|---|---|
| 001 | 0126942 | ||
| 005 | 20231109102704.5 | ||
| 041 | 0 | |a slo | |
| 044 | |a SK | ||
| 245 | 1 | 0 | |a Práca nadčas a jej odmeňovanie |c Miroslav Mačuha |
| 520 | |a Vymedzenie práce nadčas. Maximálny rozsah práce nadčas. Obmedzenia zamestnávateľa pri práci nadčas. Ktorá práca nie je prácou nadčas. Problémy pri posudzovaní času práce nadčas. Nerovnomerné rozvrhnutie pracovného času. Odmeňovanie práce nadčas. Náhradné voľno za prácu nadčas. Súbeh práce nadčas a práce vo sviatok. Mzdové nároky pri súbehu. Možnosť čerpania náhradného voľna v prípade súbehu nárokov. | ||
| 610 | 2 | 0 | |a práca nadčasová |
| 610 | 2 | 0 | |a čas pracovný |
| 610 | 2 | 0 | |a odmeňovanie |
| 610 | 2 | 0 | |a zamestnanci |
| 610 | 2 | 0 | |a zamestnávatelia |
| 100 | 1 | |a Mačuha, Miroslav | |